URSS. La empresa frente al estado / (Registro nro. 12559)
[ vista simple ]
| 000 -LEADER | |
|---|---|
| fixed length control field | 01610nam a2200265Ia 4500 |
| 003 - CONTROL NUMBER IDENTIFIER | |
| control field | OSt |
| 005 - DATE AND TIME OF LATEST TRANSACTION | |
| control field | 20210929113636.0 |
| 008 - FIXED-LENGTH DATA ELEMENTS--GENERAL INFORMATION | |
| fixed length control field | 210310s1974 sp gr 000 0 spa d |
| 020 ## - INTERNATIONAL STANDARD BOOK NUMBER | |
| International Standard Book Number | 847235220X |
| 040 ## - CATALOGING SOURCE | |
| Original cataloging agency | CO-JMCR |
| Transcribing agency | CO-JMCR |
| 041 0# - LANGUAGE CODE | |
| Language code of text/sound track or separate title | spa |
| 082 04 - DEWEY DECIMAL CLASSIFICATION NUMBER | |
| Classification number | 338.947 / |
| Item number | E317u |
| Edition number | 23 |
| 100 1# - MAIN ENTRY--PERSONAL NAME | |
| Personal name | Engnell, Erik |
| Relator term | autor |
| 9 (RLIN) | 28567 |
| 245 10 - TITLE STATEMENT | |
| Title | URSS. La empresa frente al estado / |
| Statement of responsibility, etc. | Erik Egnell, Michel Peissik |
| 250 ## - EDITION STATEMENT | |
| Edition statement | Primera edición |
| 260 ## - PUBLICATION, DISTRIBUTION, ETC. | |
| Place of publication, distribution, etc. | Barcelona : |
| Name of publisher, distributor, etc. | Dopesa, |
| Date of publication, distribution, etc. | 1974. |
| 300 ## - PHYSICAL DESCRIPTION | |
| Extent | 224 páginas ; |
| Dimensions | 24 cm. |
| 505 0# - FORMATTED CONTENTS NOTE | |
| Formatted contents note | Rostro de la empresa soviética. -- Propiedad de Estado y autonomía de las empresas. -- La planificación. -- El rendimiento socialista. -- El ministerio. -- Las uniones industriales. -- Los managers. -- Los trabajadores. -- El Partido. -- Los productos. -- El capital productivo. -- El rublo. -- La Ciencia. -- El mundo exterior |
| 520 0# - SUMMARY, ETC. | |
| Summary, etc. | Hasta época reciente, las comparaciones de resultados económicos entre los sistemas capitalista y socialista, se hacían en términos de crecimiento bruto y de nivel de vida. La propia URSS, en tiempos de Kruschev, se dejó arrastrar por este juego, señalándose como objetivo el alcanzar en un determinado plazo a los Estados Unidos.<br/>Actualmente, y en particular desde que el proceso de crecimiento ha sido espectacularmente puesto en entredicho en el Oeste, se da nuevamente prioridad a la apreciación global de los sistemas. |
| 650 14 - SUBJECT ADDED ENTRY--TOPICAL TERM | |
| Topical term or geographic name entry element | Unión Soviética |
| 9 (RLIN) | 6622 |
| 650 24 - SUBJECT ADDED ENTRY--TOPICAL TERM | |
| Topical term or geographic name entry element | Política económica |
| 9 (RLIN) | 40855 |
| 650 24 - SUBJECT ADDED ENTRY--TOPICAL TERM | |
| Topical term or geographic name entry element | Política industrial |
| 9 (RLIN) | 5719 |
| 700 1# - ADDED ENTRY--PERSONAL NAME | |
| Personal name | Peissik, Michel, |
| Relator term | autor |
| 9 (RLIN) | 40856 |
| 942 ## - ADDED ENTRY ELEMENTS (KOHA) | |
| Source of classification or shelving scheme | Dewey Decimal Classification |
| Koha item type | Books |
| Withdrawn status | Lost status | Source of classification or shelving scheme | Damaged status | Not for loan | Home library | Current library | Shelving location | Date acquired | Source of acquisition | Full call number | Barcode | Date last seen | Copy number | Price effective from | Koha item type |
|---|---|---|---|---|---|---|---|---|---|---|---|---|---|---|---|
| Dewey Decimal Classification | Biblioteca Pública José María del Castillo y Rada | Biblioteca Pública José María del Castillo y Rada | General Stacks | 04/15/2018 | Donación | 338.947 / E317u | 430004032 | 05/16/2024 | Ej.1 | 03/10/2021 | Books |